1278 1496 1503 1763 1121 1352 1767 1080 1265 1453 1228 1568 1987 1167 1869 1985 1120 1686 1287 1371 1412 1505 1476 1584 1161 1456 1372 1039 1772 1275 1856 1788 1741 1599 1921 1437 1693 1513 1527 1910 1133 1078 1389 1864 1325 1801 1400 1156 1061 1168 1725 1315 1547 1587 1925 1762 1863 1564 1960 1412 1567 1464 1802 1107 1376 1845 1881 1519 1989 1501 1602 1972 1103 1716 1963 1347 1342 1497 1432 1006 1880 1909 1012 1187 1534 1914 1951 1600 1420 1116 1445 1913 1274 1931 1013 1514 1790 1653 1851 BCNSPRNW ULIB Ver.6.0+V

เปลี่ยนเป็นภาษาไทย

Change to English
 แสดงรายละเอียดบรรณานุกรม
  กลับหน้าหลัก

Brief Record : Get Marc (ISO 2709) : E-mail record : QR code < ปิดหน้าต่าง
LEADER : 00000nam 2200000uu 4500
001    13399119968
003     ULIB
008    120817s2554||||th 000 0 tha d
020    ^a9786167388281
060 04 ^aW50^bว895
245 00 ^aเวชจริยธรรม /^c[คณะบรรณาธิการ] ธำรงรัตน์ แก้วกาญจน์,
250    ^aพิมพ์ครั้งที่ 1
260    ^aกรุงเทพฯ :^bโครงการตำราวิทยาลัยแพทยศาสตร์พระมงกุฎเกล้า,^c2554
300    ^a170 หน้า :^bภาพประกอบ ;^c29 ซม.
650  4 ^aจรรยาบรรณแพทย์
700 0  ^aธำรงรัตน์ แก้วกาญจน์,^eบรรณาธิการ
700 0  ^aสุจินต์ อุบลวัตร,^eบรรณาธิการ
700 0  ^aวิชัย ประยูรวิวัฒน์,^eบรรณาธิการ
945    ^p150^l0^i19227
945    ^p150^l0^i19228
995    ^aเกษร
999 ^a ใช้งานได้ทุกระบบ
รายการนี้ยังไม่มีแท็ก
คุณยังไม่ได้ล็อกอิน คุณสามารถมีกิจกรรมร่วมกับเว็บไซต์ได้ แต่ต้องล็อกอินก่อน ::
  ล็อกอิน

รายการสื่อสารสนเทศ

ลำดับที่ ประเภท เลขเรียก/บาร์โค้ด สถานที่ สถานะ
1. วิทยาศาสตร์การแพทย์ และสุขภาพ
วิทยาศาสตร์การแพทย์ และสุขภาพ
สถานะ=หนังสือเก่า
W50 ว895 ฉ.1 
  Barcode: 19227
ห้องสมุดวิทยาเขตนครสวรรค์
►ส่วนจัดเก็บหนังสือเก่า นว.
บนชั้น
  ขอยืม
2. วิทยาศาสตร์การแพทย์ และสุขภาพ
วิทยาศาสตร์การแพทย์ และสุขภาพ
สถานะ=หนังสือเก่า
W50 ว895 ฉ.2 
  Barcode: 19228
ห้องสมุดวิทยาเขตนครสวรรค์
►ส่วนจัดเก็บหนังสือเก่า นว.
บนชั้น
  ขอยืม

รายการใกล้เคียง
    หัวเรื่อง [จรรยาบรรณแพทย์]

BibComment


ยังไม่เคยถูกคอมเมนท์

คอมเมนท์ทรัพยากรรายการนี้
  คอมเมนท์: เวชจริยธรรม คณะ..


 Copyright 2026. Bcnsprnw @Library